000 00609nam a2200229Ia 4500
008 180523s9999 xx 000 0 und d
020 _a0-399-52130-5
050 _aMAIN BF 385
050 _b.M56 1994
100 _aMinninger, Joan.
245 0 _aRapid memory in 7 days :
245 4 _bthe quick-and-easy guide to better remembering /
245 0 _cJoan Minninger and Eleanor Dugan.
260 _aNew York :
260 _bBerkley Publishing,
260 _c1994
300 _a191 pages :
300 _billustrations ;
300 _c23 cm.
500 _aIncludes index.
650 _aMnemonics.
999 _c356561
_d356561